Library Banner

Real analysis (Record no. 83401)

MARC details
000 -LEADER
fixed length control field 00455nam a2200181Ia 4500
001 - CONTROL NUMBER
control field 70998
008 - FIXED-LENGTH DATA ELEMENTS--GENERAL INFORMATION
fixed length control field 160226s9999 xx 000 0 und d
020 ## - INTERNATIONAL STANDARD BOOK NUMBER
International Standard Book Number 9780521696241
040 ## - CATALOGING SOURCE
Transcribing agency PK-LaUMT
082 ## - DEWEY DECIMAL CLASSIFICATION NUMBER
Classification number 515
Item number CAR-R
100 ## - MAIN ENTRY--PERSONAL NAME
Personal name Carothers, N. L.
245 ## - TITLE STATEMENT
Title Real analysis
Statement of responsibility, etc Carothers, N. L.
260 ## - PUBLICATION, DISTRIBUTION, ETC. (IMPRINT)
Place of publication, distribution, etc Cambridge,USA:
Name of publisher, distributor, etc Cambridge University Press,
Date of publication, distribution, etc 2000
300 ## - PHYSICAL DESCRIPTION
Extent 401 p.
546 ## - LANGUAGE NOTE
Language note EN
650 ## - SUBJECT ADDED ENTRY--TOPICAL TERM
Topical term or geographic name as entry element Mathematical analysis
942 ## - ADDED ENTRY ELEMENTS (KOHA)
Koha item type Books
Holdings
Withdrawn status Lost status Damaged status Not for loan Home library Current library Date acquired Total Checkouts Full call number Barcode Date last seen Date checked out Price effective from Koha item type
        UMT Main Campus UMT Main Campus 2016-02-26 7 515 CAR-R 97816 2019-10-01 2019-09-11 2016-02-26 Books